| Tag |
First Indicator |
Second Indicator |
Subfields |
| LEADER |
00000cam a2200000 i 4500 |
| 001 |
in00004092575 |
| 008 |
190701s2019 pau b 001 0 eng |
| 005 |
20250318223854.8 |
| 010 |
|
|
|a 2019025528
|
| 019 |
|
|
|a 1096233399
|
| 020 |
|
|
|a 9780271084879
|
| 020 |
|
|
|a 0271084871
|q hardcover
|
| 020 |
|
|
|a 9780271084886
|q paperback
|
| 020 |
|
|
|a 027108488X
|q paperback
|
| 035 |
|
|
|a (OCoLC)on1096236765
|
| 035 |
|
|
|a (OCoLC)1096236765
|z (OCoLC)1096233399
|
| 040 |
|
|
|a PSt/DLC
|b eng
|e rda
|c DLC
|d YDX
|d OCLCO
|d BDX
|d OCLCF
|d YDX
|d UtOrBLW
|
| 042 |
|
|
|a pcc
|
| 050 |
0 |
0 |
|a PR6045.O72
|b P38 2019
|
| 082 |
0 |
0 |
|a 823/.912
|2 23
|
| 100 |
1 |
|
|a Paulsell, Stephanie,
|d 1962-
|e author.
|0 http://id.loc.gov/authorities/names/n2001085072
|
| 245 |
1 |
0 |
|a Religion around Virginia Woolf /
|c Stephanie Paulsell.
|
| 264 |
|
1 |
|a University Park, Pennsylvania :
|b The Pennsylvania State University Press,
|c [2019]
|
| 300 |
|
|
|a x, 237 pages ;
|c 23 cm.
|
| 336 |
|
|
|a text
|b txt
|2 rdacontent
|
| 337 |
|
|
|a unmediated
|b n
|2 rdamedia
|
| 338 |
|
|
|a volume
|b nc
|2 rdacarrier
|
| 490 |
1 |
|
|a Religion around ;
|v vol. 6
|
| 504 |
|
|
|a Includes bibliographical references and index.
|
| 520 |
|
|
|a "An exploration of the religious contexts of Virginia Woolf's life and work, her religious practices, her ideas about God, and the new forms of community she imagined"--
|c Provided by publisher.
|
| 505 |
0 |
|
|a Family resemblances -- Fresh chapels -- Religious reading -- "Still denser depths of darkness" : Virginia Woolf and God -- Overflowing boundaries : sacred community and the common life.
|
| 600 |
1 |
0 |
|a Woolf, Virginia,
|d 1882-1941
|x Religion.
|
| 600 |
1 |
0 |
|a Woolf, Virginia,
|d 1882-1941
|x Criticism and interpretation.
|
| 600 |
1 |
7 |
|a Woolf, Virginia,
|d 1882-1941.
|2 fast
|0 (OCoLC)fst00033879
|
| 650 |
|
0 |
|a Religion and literature.
|0 http://id.loc.gov/authorities/subjects/sh85112573
|
| 650 |
|
7 |
|a Religion.
|2 fast
|0 (OCoLC)fst01093763
|
| 650 |
|
7 |
|a Religion and literature.
|2 fast
|0 (OCoLC)fst01093839
|
| 655 |
|
7 |
|a Criticism, interpretation, etc.
|2 fast
|0 (OCoLC)fst01411635
|
| 830 |
|
0 |
|a Religion around ;
|v v. 6.
|0 http://id.loc.gov/authorities/names/no2013139143
|
| 852 |
8 |
|
|b pda,print
|z This title is available for the library to purchase for your use. Click the "Purchase It For Me" button to place a request. This item may take 5-10 business days to arrive.
|
| 955 |
|
|
|a Print PDA title
|
| 999 |
f |
f |
|s 75aa3604-211e-4eec-aa7f-d4b0a8913cd0
|i b1ea652b-1fbb-3fd2-b68d-712dd60d5685
|t 0
|
| 952 |
f |
f |
|a Texas A&M University
|b College Station
|c Sterling C. Evans Library
|d Purchase on Demand
|t 0
|e PR6045.O72 P38 2019
|h Library of Congress classification
|
| 998 |
f |
f |
|a PR6045.O72 P38 2019
|t 0
|l Purchase on Demand
|